000 00873nam a2200265Ia 4500
003 OSt
005 20220926013705.0
006 a|||||r|||| 00| 0
007 ta
008 220923b |||||||| |||| 00| 0 eng d
020 _a9780470499115
_c4936.0699999999997
037 _b5326, 10/10/2014, RAJKIRAN BOOK AGENCY
_cGeneral Book
040 _aRTL
_cRTL
_beng
041 _2eng
_aeng
082 _aX65:8:(S:44), Q0
100 _aBAKER H. Kent
_9295699
245 0 _aBehavioral finance
_b Investors, corporations and markets
260 _aNew York
_bJohn Wiley
_c2010
300 _aix, 757p
_ccm.
500 _aAppendix: p 205-209
650 _aCommerce
700 _a NOFSINGER John R.
_9318828
942 _hX65:8:(S:44), Q0
_cGB
_2CC
999 _c626584
_d626584